[Event "Mittelfrank Regionalliga Sud-West 2223"]
[Site "Mittelfranken"]
[Date "2023.03.19"]
[Round "8.6"]
[White "Martin, Rudolf"]
[Black "Birth, Waldemar"]
[Result "1/2-1/2"]
[WhiteElo "1758"]
[BlackElo "1960"]
[PlyCount "128"]
[EventDate "2022.10.09"]
[EventType "team-tourn"]
[EventRounds "9"]
[EventCountry "GER"]
[SourceTitle "EXT 2024"]
[Source "ChessBase"]
[SourceDate "2023.10.10"]
[SourceVersion "1"]
[SourceVersionDate "2023.10.10"]
[SourceQuality "1"]
[WhiteTeam "Kempten"]
[BlackTeam "Augsburg Rochade"]
[WhiteTeamCountry "GER"]
[BlackTeamCountry "GER"]

1. e4 d5 2. exd5 Qxd5 3. Qf3 Nf6 4. Nc3 Qe5+ 5. Qe3 Qxe3+ 6. dxe3 c6 7. Nf3 Bg4 8. Be2 Nbd7 9. 0-0 e6 10. a3 Be7 11. Bd2 Rd8 12. Rad1 e5 13. Ng5 h6 14. Bxg4 Nxg4 15. Nge4 f5 16. Ng3 g6 17. Na2 Kf7 18. Bc3 Ngf6 19. Nc1 Nd5 20. Bd2 e4 21. Nce2 Bf6 22. b4 Ne5 23. Nd4 Nc4 24. Bc1 Nc3 25. Rde1 Bxd4 26. exd4 Rxd4 27. f3 Re8 28. fxe4 Nxe4 29. Nxe4 Rdxe4 30. Rxe4 Rxe4 31. Kf2 g5 32. Rd1 Ke7 33. Rd3 Ne5 34. Rd1 Rc4 35. Rd2 Ng4+ 36. Kg1 f4 37. Re2+ Kd6 38. h3 Nf6 39. Bb2 Ne4 40. Bg7 h5 41. Bh6 Rd4 42. Re1 Kd5 43. h4 gxh4 44. Bxf4 Rc4 45. Re2 b5 46. Kh2 Rc3 47. Bc1 Ng3 48. Rd2+ Ke4 49. Rf2 Kd5 50. Rd2+ Ke6 51. Rf2 Ne4 52. Re2 Kf5 53. Bb2 Rg3 54. Re1 Nc3 55. Rf1+ Ke4 56. Re1+ Kd5 57. Rf1 Ne4 58. Rf5+ Kc4 59. Rxh5 Re3 60. Rxh4 c5 61. bxc5 Kxc5 62. Rh5+ Kc4 63. Rh4 Kd5 64. Rh5+ Kc4 1/2-1/2

[Event "Mittelfrank Regionalliga Sud-West 2223"]
[Site "Mittelfranken"]
[Date "2022.12.11"]
[Round "4.7"]
[White "Eichler, Alexander"]
[Black "Martin, Rudolf"]
[Result "0-1"]
[WhiteElo "1847"]
[BlackElo "1758"]
[PlyCount "126"]
[EventDate "2022.10.09"]
[EventType "team-tourn"]
[EventRounds "9"]
[EventCountry "GER"]
[SourceTitle "EXT 2024"]
[Source "ChessBase"]
[SourceDate "2023.10.10"]
[SourceVersion "1"]
[SourceVersionDate "2023.10.10"]
[SourceQuality "1"]
[WhiteTeam "Garching III"]
[BlackTeam "Kempten"]
[WhiteTeamCountry "GER"]
[BlackTeamCountry "GER"]

1. e4 d5 2. exd5 Qxd5 3. Nc3 Qa5 4. d4 c6 5. Bc4 Nf6 6. Bd2 Qc7 7. Nf3 Bg4 8. h3 Bh5 9. Qe2 e6 10. 0-0-0 Nbd7 11. g4 Bg6 12. g5 Nd5 13. Bxd5 cxd5 14. Nh4 Bb4 15. Nxg6 hxg6 16. Nxd5 Bxd2+ 17. Rxd2 Qa5 18. Nc3 Qxg5 19. d5 e5 20. f4 Qxf4 21. Qb5 Qe3 22. Qxb7 Rb8 23. Qc7 Qb6 24. Qxb6 Rxb6 25. d6 f6 26. a4 Kf7 27. a5 Rc6 28. Nb5 Rc5 29. Na3 Rxa5 30. c4 Ke6 31. Kc2 Ra6 32. Nb5 Rc6 33. Nc7+ Kf7 34. Kc3 Nc5 35. Kb4 Rb8+ 36. Nb5 Nd7 37. Kc3 a6 38. Nc7 Rh8 39. b4 Rh4 40. c5 a5 41. b5 Rxc5+ 42. Kb2 Rb4+ 43. Ka2 Rbc4 44. Rb1 Ra4+ 45. Kb2 Rb4+ 46. Ka2 Rxb1 47. Kxb1 Rc4 48. Ka2 Rd4 49. Rxd4 exd4 50. Kb3 d3 51. Kc3 Nc5 52. Na6 d2 53. Kxd2 Ne4+ 54. Kc2 Nxd6 55. b6 Nb7 56. Kb3 Ke7 57. Kc4 Kd6 58. Kb5 f5 59. Nb8 f4 60. Nc6 a4 61. Nd4 Kd5 62. Nc2 f3 63. Ne3+ Kd4 0-1

[Event "Feffernitz Raika op 23rd"]
[Site "Feffernitz"]
[Date "2014.08.22"]
[Round "8"]
[White "Niederstatter, Harald"]
[Black "Martin, Rudolf"]
[Result "1-0"]
[WhiteElo "2043"]
[BlackElo "1803"]
[PlyCount "83"]
[EventDate "2014.08.16"]
[EventType "swiss"]
[EventRounds "9"]
[EventCountry "AUT"]
[SourceTitle "CBM 161 Extra"]
[Source "ChessBase"]
[SourceDate "2014.08.29"]
[SourceVersion "1"]
[SourceVersionDate "2014.08.29"]
[SourceQuality "1"]

1. d4 g6 2. Nf3 Nf6 3. c4 d5 4. cxd5 Nxd5 5. e4 Nb6 6. a4 a5 7. Bb5+ c6 8. Be2 Bg7 9. Be3 Na6 10. 0-0 0-0 11. Nbd2 Bg4 12. Rc1 Nb4 13. h3 Bd7 14. Rc5 h6 15. b3 e6 16. Ne5 Be8 17. Ndf3 Kh7 18. Nd3 Nd7 19. Rc1 Qe7 20. Nxb4 Qxb4 21. Rc4 Qd6 22. Qc1 Nb6 23. Rc2 Rg8 24. Rd1 Nd7 25. Bf4 Qe7 26. Qd2 Nf6 27. Bd3 b6 28. Ne5 Rc8 29. Nc4 Nd7 30. Nd6 Ra8 31. Qe3 e5 32. dxe5 Bxe5 33. Be2 c5 34. Rcd2 Nf6 35. Bxh6 Bc6 36. Bg5 Qf8 37. Nc4 Bd4 38. Qf4 Nh5 39. Qh4 f6 40. Be3 Bxe3 41. Nxe3 Kh6 42. Rd6 1-0

[Event "Suedschwaben-ch Seniors"]
[Site "Immenstadt"]
[Date "2013.02.16"]
[Round "3.1"]
[White "Martin, Rudolf"]
[Black "Lehmann, Joerg"]
[Result "1-0"]
[WhiteElo "1712"]
[BlackElo "1633"]
[PlyCount "69"]
[EventDate "2013.02.15"]
[EventType "swiss"]
[EventRounds "6"]
[EventCountry "GER"]
[SourceTitle "EXT 2022"]
[Source "ChessBase"]
[SourceDate "2021.10.06"]
[SourceVersion "1"]
[SourceVersionDate "2021.10.06"]
[SourceQuality "1"]

1. e4 g6 2. d4 Bg7 3. c3 d6 4. f4 Nf6 5. Bd3 0-0 6. Nf3 Bg4 7. h3 Bxf3 8. Qxf3 c6 9. 0-0 e6 10. Be3 Nbd7 11. Nd2 Rc8 12. Rad1 Ne8 13. Qg3 f5 14. Nf3 Nef6 15. Ng5 Qe7 16. e5 dxe5 17. dxe5 Nh5 18. Qf2 h6 19. Nf3 b6 20. Bc4 Bh8 21. Rd6 Ng7 22. Nd4 Nc5 23. Qc2 Ne4 24. Rxe6 Nxe6 25. Bxe6+ Kh7 26. Bxc8 Rxc8 27. Rd1 c5 28. Nf3 Rd8 29. c4 Rxd1+ 30. Qxd1 Kg7 31. Qd5 Qf7 32. e6 Qe7 33. Ne5 Qd6 34. Qb7+ Kg8 35. Qf7# 1-0